| 000 | 00773cab a2200217 4500 | ||
|---|---|---|---|
| 001 | ABS37768 | ||
| 008 | 090401t1987 xxu||||| |||| 00| 0 eng d | ||
| 035 | _a(Sirsi) u6662 | ||
| 041 | _aeng | ||
| 100 | _aMidha, S. | ||
| 245 | _aAdministration - keeping records 1:litigation | ||
| 260 | _c1987 | ||
| 350 | _a0 | ||
| 490 |
_aArchitects` Journal _v185(24) 17 June 1987, 71 |
||
| 520 | _aIn the first of three articles for architects on keeping practice records, the author discusses the importance of retaining accurate records in the event of litigation. Examines what records should be kept, in what form and for how long. | ||
| 650 | _aDOCUMENT RETENTION | ||
| 650 | _aLATENT DAMAGE ACT 1986 | ||
| 690 | _aBUILT ENVIRONMENT | ||
| 942 | _n0 | ||
| 948 | _c04/03/1997 | ||
| 999 |
_c3972 _d3972 |
||